NFL Teams with only Pre-Merger Championships - Statistics

General Stats
  • This quiz has been taken 59 times
  • The average score is 6 of 7
Answer Stats
Year Team % Correct
1957 Detroit Lions
96%
1964 Cleveland Browns
94%
1947 Arizona Cardinals
86%
1969 Minnesota Vikings
82%
1965 Buffalo Bills
80%
1963 Los Angeles Chargers
74%
1961 Tennessee Titans
74%
No matching quizzes found
Score Distribution
Percent of People with Each Score
Percentile by Number Answered
Your Score History
You have not taken this quiz